000 00281nam a2200121Ia 4500
005 20251222155145.0
008 251222s9999||||xx |||||||||||||| ||spa||
082 _aSOC.68
100 _aINAGRUV
245 0 _aNecesidades a las mujeres de Iquitos
264 _bD.Graff
942 _cLIB
999 _c39323
_d39323